Ποιότητα και σήμανση αγρο-διατροφικών προϊόντων : καταγραφή, χαρτογράφηση και ανάλυση προϊόντων Προστατευόμενης Γεωγραφικής Ένδειξης (ΠΓΕ) στην Ευρώπη : πτυχιακή εργασία
Αποθηκεύτηκε σε:
| Κύριος συγγραφέας: | |
|---|---|
| Συγγραφή απο Οργανισμό/Αρχή: | |
| Μορφή: | Thesis Βιβλίο |
| Γλώσσα: | Greek |
| Δημοσίευση: |
2016.
|
| Θέματα: | |
| Διαθέσιμο Online: | http://hdl.handle.net/11610/22960 |
| Ετικέτες: |
Προσθήκη ετικέτας
Δεν υπάρχουν, Καταχωρήστε ετικέτα πρώτοι!
|
MARC
| LEADER | 00000cam a2200000 a 4500 | ||
|---|---|---|---|
| 001 | 1/112874 | ||
| 008 | 170131s2016####gr | ||| |||| ||gre|| | ||
| 040 | |a GR-MyUa |b gre |c GR-MyUa |e AACR2 | ||
| 041 | 0 | |a gre | |
| 082 | 7 | |a 338.1 |2 (23) | |
| 100 | 1 | |a Τσούτσος, Μιχαήλ Χρήστος. | |
| 245 | 1 | 0 | |a Ποιότητα και σήμανση αγρο-διατροφικών προϊόντων : |b καταγραφή, χαρτογράφηση και ανάλυση προϊόντων Προστατευόμενης Γεωγραφικής Ένδειξης (ΠΓΕ) στην Ευρώπη : πτυχιακή εργασία / |c φοιτητής: Τσούτσος Μιχαήλ-Χρήστος ; επιβλέπων καθηγητής: Κίζος Αθανάσιος. |
| 260 | |c 2016. | ||
| 300 | |a 65 σ. : |b διαγρ., πιν., χάρτες ; |c 29 εκ. | ||
| 500 | |a Μέλης εξεταστικής επιτροπής: Βαΐτης Μιχαήλ, Σουλακέλλης Νικόλαος. | ||
| 502 | |a Πτυχιακή εργασία – Πανεπιστήμιο Αιγαίου, Λέσβος, 2016. | ||
| 504 | |a Βιβλιογραφία: σ. 56-65. | ||
| 506 | 1 | |a Ηλεκτρονική διάθεση στο πλήρες κείμενο - περιορισμένης πρόσβασης. |d Ελεύθερη διάθεση μόνο στα μέλη του Πανεπιστημίου Αιγαίου. | |
| 540 | |a Κλειδωμένη η δυνατότητα αντιγραφής (copy) από το ηλεκτρονικό κείμενο. | ||
| 650 | 0 | |a Agricultural geography |z European Union countries. | |
| 650 | 0 | |a Farm produce |x Quality. | |
| 650 | 0 | |a Geodatabases. | |
| 700 | 1 | |a Κίζος, Αθανάσιος, |e dgs | |
| 710 | 2 | |a Πανεπιστήμιο Αιγαίου. |b Σχολή Κοινωνικών Επιστημών. |b Τμήμα Γεωγραφίας. | |
| 852 | |a INST |b LESVOS |c DIATR |e 20170131 |h 983 |p 005100059384 |q 005100059384 |t DIE |y 23 | ||
| 856 | |u http://hdl.handle.net/11610/22960 | ||
| 924 | |a Τσούτσος |b Μιχαήλ Χρήστος |y Λέσβος |z 2016-05 | ||
| 970 | |a Πατσή |b Ανθίππη |z 31-01-2017 | ||